Оценка 2D параметров шероховатости и волнистости поверхности после обработки резанием сплава АМr2 с ультрамелкозернистой структурой; Инновационные технологии в машиностроении

التفاصيل البيبلوغرافية
Parent link:Инновационные технологии в машиностроении.— 2018.— [С. 111-116]
المؤلف الرئيسي: Филиппов А. В. Андрей Владимирович
مؤلف مشترك: Национальный исследовательский Томский политехнический университет (ТПУ) Юргинский технологический институт (филиал) (ЮТИ) Кафедра технологии машиностроения (ТМС)
مؤلفون آخرون: Шамарин Н. Н. Николай Николаевич, Подгорных О. А. Олег Анатольевич
الملخص:Заглавие с экрана
В работе рассматривается влияние обработки резанием на параметры шероховатости и волнистости поверхности алюминиевого сплава АМг2 с крупнокристаллической и ультрамелкозернистой структурой. Установлено влияние фильтров профиля на количественные показатели параметров профиля шероховатости и волнистости. Показано, что при обработке материалов с ультрамелкозернистой структурой повышается качество поверхности изделия, по сравнению с обработкой материалов с крупнокристаллической структурой.
اللغة:الروسية
منشور في: 2018
سلاسل:Инновационные технологии получения и обработки материалов в машиностроении
الموضوعات:
الوصول للمادة أونلاين:http://earchive.tpu.ru/handle/11683/50129
التنسيق: الكتروني فصل الكتاب
KOHA link:https://koha.lib.tpu.ru/cgi-bin/koha/opac-detail.pl?biblionumber=627221

MARC

LEADER 00000naa2a2200000 4500
001 627221
005 20231102024247.0
035 |a (RuTPU)RU\TPU\conf\26945 
035 |a RU\TPU\conf\26938 
090 |a 627221 
100 |a 20180821d2018 k y0rusy50 ca 
101 0 |a rus 
102 |a RU 
105 |a y z 101zy 
135 |a drcn ---uucaa 
181 0 |a i  
182 0 |a b 
200 1 |a Оценка 2D параметров шероховатости и волнистости поверхности после обработки резанием сплава АМr2 с ультрамелкозернистой структурой  |f А. В. Филиппов, Н. Н. Шамарин, О. А. Подгорных 
203 |a Текст  |c электронный 
225 1 |a Инновационные технологии получения и обработки материалов в машиностроении 
230 |a 1 компьютерный файл (pdf; 1 086 Kb) 
300 |a Заглавие с экрана 
320 |a [Библиогр.: с. 115-116 (10 назв.)] 
330 |a В работе рассматривается влияние обработки резанием на параметры шероховатости и волнистости поверхности алюминиевого сплава АМг2 с крупнокристаллической и ультрамелкозернистой структурой. Установлено влияние фильтров профиля на количественные показатели параметров профиля шероховатости и волнистости. Показано, что при обработке материалов с ультрамелкозернистой структурой повышается качество поверхности изделия, по сравнению с обработкой материалов с крупнокристаллической структурой. 
463 0 |0 (RuTPU)RU\TPU\conf\26327  |t Инновационные технологии в машиностроении  |o сборник трудов IX Международной научно-практической конференции, 24–26 мая 2018 г., Юрга  |f Национальный исследовательский Томский политехнический университет (ТПУ), Юргинский технологический институт (ЮТИ) ; под ред. Д. А. Чинахова  |v [С. 111-116]  |d 2018 
610 1 |a электронный ресурс 
610 1 |a труды учёных ТПУ 
610 1 |a 2D 
610 1 |a параметры 
610 1 |a шероховатости 
610 1 |a волнистости 
610 1 |a поверхности 
610 1 |a обработка резанием 
610 1 |a сплавы 
610 1 |a ультрамелкозернистые структуры 
610 1 |a алюминиевые сплавы 
700 1 |a Филиппов  |b А. В.  |c специалист в области машиностроения  |c ассистент Юргинского технологического института (филиала) Томского политехнического университета  |f 1988-  |g Андрей Владимирович  |2 stltpush  |3 (RuTPU)RU\TPU\pers\30615  |9 14896 
701 1 |a Шамарин  |b Н. Н.  |c специалист в области машиностроения  |c учебный мастер Юргинского технологического института Томского политехнического университета  |f 1989-  |g Николай Николаевич  |2 stltpush  |3 (RuTPU)RU\TPU\pers\36012  |9 19149 
701 1 |a Подгорных  |b О. А.  |c специалист в области машиностроения  |c заведующий лабораторией Томского политехнического университета  |f 1986-  |g Олег Анатольевич  |2 stltpush  |3 (RuTPU)RU\TPU\pers\36848 
712 0 2 |a Национальный исследовательский Томский политехнический университет (ТПУ)  |b Юргинский технологический институт (филиал) (ЮТИ)  |b Кафедра технологии машиностроения (ТМС)  |h 356  |2 stltpush  |3 (RuTPU)RU\TPU\col\18902 
801 2 |a RU  |b 63413507  |c 20180824  |g RCR 
856 4 |u http://earchive.tpu.ru/handle/11683/50129 
942 |c BK